Las sociedades de garantía recíproca y su promoción en las provincias andaluzas / (Record no. 120912)

MARC details
000 -LEADER
campo de control de longitud fija 00690nam a2200193 4500
001 - NÚMERO DE CONTROL
campo de control 120912
003 - IDENTIFICADOR DE NÚMERO DE CONTROL
campo de control ES-MaACL
005 - FECHA Y HORA DE LA ÚLTIMA TRANSACCIÓN
campo de control 20250902104242.0
007 - CAMPO FIJO DE DESCRIPCIÓN FÍSICA--INFORMACIÓN GENERAL
campo de control de longitud fija t|
008 - DATOS DE LONGITUD FIJA--INFORMACIÓN GENERAL
campo de control de longitud fija 070214s1982 sp r ||||1| spa d
100 1# - ENTRADA PRINCIPAL--NOMBRE DE PERSONA
Nombre de persona Pombo González, Pablo.
9 (RLIN) 92913
245 14 - MENCIÓN DEL TÍTULO
Título Las sociedades de garantía recíproca y su promoción en las provincias andaluzas /
Mención de responsabilidad, etc. Pablo Pombo González, Juan José Mora Peña.
260 ## - PUBLICACIÓN, DISTRIBUCIÓN, ETC.
Lugar de publicación, distribución, etc. Córdoba :
Nombre del editor, distribuidor, etc. Sociedad Andaluza de Servicios y Estudios,
Fecha de publicación, distribución, etc. 1982.
300 ## - DESCRIPCIÓN FÍSICA
Extensión 145 p. ;
Dimensiones 21 cm.
700 1# - ENTRADA AGREGADA--NOMBRE PERSONAL
Nombre de persona Mora Peña, Juan José.
9 (RLIN) 82887
710 2# - ENTRADA AGREGADA--NOMBRE DE ENTIDAD CORPORATIVA
Nombre de entidad corporativa o nombre de jurisdicción como elemento de entrada Sociedad Andaluza de Servicios y Estudios
9 (RLIN) 6631
852 ## - LOCALIZACIÓN
Ubicación ES-MaACL
Número de control de estantería L-2028
Sublocalización o colección R.103270
Holdings
Estatus retirado Estado de pérdida Estado de daño No para préstamo Biblioteca de origen Biblioteca actual Ubicación en estantería Fecha de adquisición Fuente de adquisición Total de préstamos Signatura topográfica completa Código de barras Visto por última vez Precio de reemplazo Tipo de ítem Koha
        Biblioteca del Ateneo de Madrid Biblioteca del Ateneo de Madrid Depósito 2 17/01/2008     L-2028 1126022 23/02/2023 23/02/2023 Libro impreso